La historia de las guerras

Guardat en:
Dades bibliogràfiques
Autor principal: Pardo Rueda, Rafael (autor)
Format: Llibre
Idioma:espanyol
Publicat: Bogotá Penguin Random House 2015
Edició:1a. ed
Matèries:
Etiquetes: Afegir etiqueta
Sense etiquetes, Sigues el primer a etiquetar aquest registre!

MARC

LEADER 00000cam a2200000 a 4500
001 UCC6006
003 CL-VaPUC
008 181116e20150000ck |||||||||||||||||spa|d
020 |a 9789588806976 
082 0 4 |a 986.103  |b PAR  |2 21 
100 |a Pardo Rueda, Rafael  |e autor  |9 600453 
245 1 3 |a La historia de las guerras 
250 |a 1a. ed 
300 |a 807 p 
942 |c BK 
945 |d 20181116 13:40:00  |a dcastane 
260 |a Bogotá  |b Penguin Random House  |c 2015 
650 7 |a HISTORIA DE COLOMBIA  |2 CL-VaPUC  |9 323523 
650 0 |a Independencia   |9 344246 
650 0 |a Guerras  |9 255273 
583 |a last modification  |c 20181116 13:40:00  |k Rodrigo Vera 
999 |c 373087  |d 373085 
952 |0 0  |1 0  |3 erb  |4 0  |6 986_103000000000000_PAR_2015  |7 0  |8 A  |9 491021  |a BIBHIS  |b BIBHIS  |i 5514096  |o 986.103 PAR 2015  |p 5514096  |r 2025-01-20  |w 2019-11-24  |y BK  |z Catalogado en:20181116  |k HIS